| 000 | 00517cam a22001812a 4500 | ||
|---|---|---|---|
| 001 | 002026 | ||
| 003 | AR-FADEU | ||
| 008 | 311216n1967####xxu####################dd | ||
| 092 |
_a362 _bC749m |
||
| 110 | _aUnión Católica Internacional de Servicio Social | ||
| 245 | _aCongreso Mundial de Servicio Social : Promoción humana y servicio social. XI Congreso. | ||
| 260 | _aBuenos Aires | ||
| 260 | _bHumanitas | ||
| 260 | _c1967 | ||
| 300 | _a149 p | ||
| 650 | _aPOLITICA SOCIAL-PROMOCION HUMANA | ||
| 942 | _cBDGR | ||
| 999 |
_c7861 _d7861 |
||